Normal view
MARC view
Entry Personal Name
001 - CONTROL NUMBER
- control field: 47612
003 - CONTROL NUMBER IDENTIFIER
- control field: dpl
005 - DATE AND TIME OF LATEST TRANSACTION
- control field: 20120521163318.0
008 - FIXED-LENGTH DATA ELEMENTS
- fixed length control field: 120521|||a|||||| | ||| d
040 ## - CATALOGING SOURCE
- Original cataloging agency: dpl
- Transcribing agency: dpl
100 ## - HEADING--PERSONAL NAME
- Personal name: उपाध्याय, वासुदेव
670 ## - SOURCE DATA FOUND
- Source citation: Work cat.: (dpl)66980: उपाध्याय, वासुदेव, गुप्त अभिलेख, 2010
670 ## - SOURCE DATA FOUND
- Source citation: Work cat.: (dpl)66980: उपाध्याय, वासुदेव, गुप्त अभिलेख, 2010
